Markets (Record no. 83249)
[ view plain ]
| 000 -LEADER | |
|---|---|
| fixed length control field | 01409cab a22002535a 4500 |
| 001 - CONTROL NUMBER | |
| control field | L153274 |
| 008 - FIXED-LENGTH DATA ELEMENTS--GENERAL INFORMATION | |
| fixed length control field | 110704e20110626xxk 000 0 eng d |
| 035 ## - SYSTEM CONTROL NUMBER | |
| System control number | (Sirsi) u153274 |
| 041 0# - LANGUAGE CODE | |
| Language code of text/sound track or separate title | eng |
| 100 1# - MAIN ENTRY--PERSONAL NAME | |
| Personal name | Hodgekiss, Anna |
| 245 00 - TITLE STATEMENT | |
| Title | Markets |
| Remainder of title | Herts, Beds, Bucks and Oxon |
| 260 ## - PUBLICATION, DISTRIBUTION, ETC. | |
| Date of publication, distribution, etc. | 2011 |
| 490 #0 - SERIES STATEMENT | |
| Series statement | Property Week |
| Volume/sequential designation | 77(25) 26 June 2011, 65-70(4) |
| 520 ## - SUMMARY, ETC. | |
| Summary, etc. | Planning Inspectorate finds Stevenage Borough Council's core strategy to build 20 000 homes to be unsound. Bidwells opens new office in Oxford to gain investment business from the university colleges. Henry Boot in joint venture with Watford Borough Council is to redevelop Watford's Charter Place as a retail and leisure centre. Bedford secures two of its biggest industrial deals: Irish construction company Vision Modular Systems taking 135 000 sq ft of industrial space and international bakery group Lantmannen Unibake an 80 000sq ft shed. The Crown Estate and Land Securities seek to double the size of their Westgate shopping centre in Oxford . |
| 590 ## - LOCAL NOTE (RLIN) | |
| Local note | KA |
| 651 #4 - SUBJECT ADDED ENTRY--GEOGRAPHIC NAME | |
| Geographic name | Hertfordshire |
| 651 #4 - SUBJECT ADDED ENTRY--GEOGRAPHIC NAME | |
| Geographic name | Bedfordshire |
| 651 4# - SUBJECT ADDED ENTRY--GEOGRAPHIC NAME | |
| Geographic name | Buckinghamshire |
| 651 #4 - SUBJECT ADDED ENTRY--GEOGRAPHIC NAME | |
| Geographic name | Oxfordshire |
| 690 ## - LOCAL SUBJECT ADDED ENTRY--TOPICAL TERM (OCLC, RLIN) | |
| Topical term or geographic name as entry element | PROPERTY-RESIDENTIAL PROPERTY-RESIDENTIAL PROPERTY MARKET |
| 690 ## - LOCAL SUBJECT ADDED ENTRY--TOPICAL TERM (OCLC, RLIN) | |
| Topical term or geographic name as entry element | PROPERTY-COMMERCIAL PROPERTY-COMMERCIAL PROPERTY MARKET |
| 690 ## - LOCAL SUBJECT ADDED ENTRY--TOPICAL TERM (OCLC, RLIN) | |
| Topical term or geographic name as entry element | PROPERTY-COMMERCIAL PROPERTY-COMMERCIAL PROPERTY FINANCE AND INVESTMENT |
| 942 ## - ADDED ENTRY ELEMENTS (KOHA) | |
| Suppress in OPAC | 0 |
| Withdrawn status | Lost status | Source of classification or shelving scheme | Damaged status | Not for loan | Home library | Current library | Shelving location | Date acquired | Total Checkouts | Full call number | Barcode | Date last seen | Copy number | Price effective from | Koha item type |
|---|---|---|---|---|---|---|---|---|---|---|---|---|---|---|---|
| Dewey Decimal Classification | London | London | Journal article | 04/07/2011 | L153274 | 153274-1001 | 06/08/2019 | 1 | 06/08/2019 | Journal article |